MARC details
| 000 -CABECERA |
| campo de control de longitud fija |
01882nam a2200289 a 4500 |
| 001 - NÚMERO DE CONTROL |
| campo de control |
000020774 |
| 005 - FECHA Y HORA DE LA ÚLTIMA TRANSACCIÓN |
| campo de control |
20260305073956.0 |
| 008 - DATOS DE LONGITUD FIJA--INFORMACIÓN GENERAL |
| campo de control de longitud fija |
100817s2004 dr abcd r f001 0 spa d |
| 020 ## - NÚMERO INTERNACIONAL ESTÁNDAR DEL LIBRO |
| Número Internacional Estándar del Libro |
9945015001 |
| 040 ## - FUENTE DE LA CATALOGACIÓN |
| Centro catalogador/agencia de origen |
DO-SdBNP |
| Lengua de catalogación |
spa |
| Centro/agencia transcriptor |
BNPHU |
| 082 ## - NÚMERO DE LA CLASIFICACIÓN DECIMAL DEWEY |
| Número de clasificación |
338.97293 |
| Número de documento/Ítem |
R426o |
| 110 1# - ENTRADA PRINCIPAL--NOMBRE DE ENTIDAD CORPORATIVA |
| Nombre de entidad corporativa o nombre de jurisdicción como elemento de entrada |
República Dominicana. |
| Unidad subordinada |
Comisión Presidencial para los Objetivos de Desarrollo del Milenio y el Desarrollo Sostenible. |
| 9 (RLIN) |
43537 |
| 245 10 - MENCIÓN DE TÍTULO |
| Título |
Objetivos de desarrollo del milenio : |
| Resto del título |
República Dominicana 2004 / |
| Mención de responsabilidad, etc. |
prólogo Leonel Fernández Reyna ; presentación Niky Fabiancic. |
| 260 ## - PUBLICACIÓN, DISTRIBUCIÓN, ETC. |
| Lugar de publicación, distribución, etc. |
Santo Domingo : |
| Nombre del editor, distribuidor, etc. |
Amigo del Hogar, |
| Fecha de publicación, distribución, etc. |
2004. |
| 300 ## - DESCRIPCIÓN FÍSICA |
| Extensión |
xi, 83 p. : |
| Otras características físicas |
il., gráfcs., retrs., tablas ; |
| Dimensiones |
28 cm. |
| 504 ## - NOTA DE BIBLIOGRAFÍA, ETC. |
| Nota de bibliografía, etc. |
Bibliografía : p. 83. |
| 505 0# - NOTA DE CONTENIDO CON FORMATO |
| Información miscelánea |
Prólogo / |
| Mención de responsabilidad |
Leonel Fernández Reyna -- |
| Información miscelánea |
Presentación / |
| Mención de responsabilidad |
Niky Fabiancic -- |
| Información miscelánea |
Introducción -- |
| Título |
República Dominicana y los objetivos de Desarrollo del Milenio -- |
| -- |
Objetivo 1: Erradicar la pobreza extrema y el hambre -- |
| -- |
Objetivo 2: Lograr la educación primaria universal -- |
| -- |
Objetivo 3: Promover la equidad de género y la autonomía de la mujer -- |
| -- |
Objetivo 4: Reducir la tasa de mortalidad infantil -- |
| -- |
Objetivo 5: Mejorar la salud materna -- |
| -- |
Objetivo 6: Combatir del VIH/SIDA, el paludismo y otras enfermedades -- |
| -- |
Objetivo 7: Garantizar la sostenibilidad del medio ambiente -- |
| -- |
Objetivo 8: Fomentar una sociedad global para el desarrollo -- |
| Información miscelánea |
Bibliografía. |
| 590 ## - NOTA LOCAL (RLIN) |
| Nota local |
Inventariado, 2018/BT |
| 650 #4 - PUNTO DE ACCESO ADICIONAL DE MATERIA--TÉRMINO DE MATERIA |
| Término de materia o nombre geográfico como elemento de entrada |
Desarrollo sostenible |
| 9 (RLIN) |
901 |
| 650 #4 - PUNTO DE ACCESO ADICIONAL DE MATERIA--TÉRMINO DE MATERIA |
| Término de materia o nombre geográfico como elemento de entrada |
Planificación estratégica |
| 9 (RLIN) |
2433 |
| 650 #4 - PUNTO DE ACCESO ADICIONAL DE MATERIA--TÉRMINO DE MATERIA |
| Término de materia o nombre geográfico como elemento de entrada |
Estrategias para el desarrollo |
| 9 (RLIN) |
3099 |
| 650 #4 - PUNTO DE ACCESO ADICIONAL DE MATERIA--TÉRMINO DE MATERIA |
| Término de materia o nombre geográfico como elemento de entrada |
Políticas de desarrollo |
| Subdivisión geográfica |
República Dominicana |
| 9 (RLIN) |
7785 |
| 700 1# - PUNTO DE ACCESO ADICIONAL--NOMBRE DE PERSONA |
| Nombre de persona |
Fernández, Leonel, |
| Fechas asociadas al nombre |
1953- |
| Término indicativo de función/relación |
pról. |
| 9 (RLIN) |
7291 |
| 700 1# - PUNTO DE ACCESO ADICIONAL--NOMBRE DE PERSONA |
| Nombre de persona |
Fabiancic, Niky, |
| Término indicativo de función/relación |
present. |
| 9 (RLIN) |
43541 |
| 710 2# - PUNTO DE ACCESO ADICIONAL--NOMBRE DE ENTIDAD CORPORATIVA |
| Nombre de entidad corporativa o nombre de jurisdicción como elemento de entrada |
Sistema de las Naciones Unidas en República Dominicana |
| 9 (RLIN) |
43542 |
| 910 ## - DATOS DE OPCIÓN DEL USUARIO (OCLC) |
| Datos de opción del usuario |
Validado. Control de calidad. EMS |